AV video & multimedia producer. (Record no. 18912)

000 -LEADER
fixed length control field 00445cas a22001697a 4500
022 0# - INTERNATIONAL STANDARD SERIAL NUMBER
ISSN 1090-7459
040 ## - CATALOGING SOURCE
Transcribing agency NSD
082 10 - DEWEY DECIMAL CLASSIFICATION NUMBER
Classification number 621 KNO 1996 C154 Or.
245 00 - TITLE STATEMENT
Title AV video & multimedia producer.
260 ## - PUBLICATION, DISTRIBUTION, ETC. (IMPRINT)
Place of publication White Plains, NY :
Name of publisher Knowledge Industry Publications,
Year of publication c1996-
300 ## - PHYSICAL DESCRIPTION
Number of Pages v. :
Other physical details ill. ;
Dimensions 28 cm.
500 ## - GENERAL NOTE
General note Title from cover.
650 #0 - SUBJECT ADDED ENTRY--TOPICAL TERM
Topical Term Sound
650 #0 - SUBJECT ADDED ENTRY--TOPICAL TERM
Topical Term Video recording
650 #0 - SUBJECT ADDED ENTRY--TOPICAL TERM
Topical Term Computer graphics
942 ## - ADDED ENTRY ELEMENTS (KOHA)
Koha item type ADB
952 ## - LOCATION AND ITEM INFORMATION (KOHA)
Withdrawn status [LOCAL, KOHA] 0
Holdings
Koha item type Source of acquisition Lost status Permanent Location Current Location Date acquired Full call number
សៀវភៅភាសាអង់គ្លេសA36298 Library Block CLibrary Block C2020-02-11621 KNO 1996 C154 Or.
មជ្ឈមណ្ឌលឯការនៃសាកលវិទ្យាល័យភូមិន្ទកសិកម្មចំការដូង

Powered by Koha